Muscles of the human body - with a map - Statistics

General Stats
  • This quiz has been taken 5,491 times
  • The average score is 13 of 64
Answers on the Map
Answers color-coded by a green-red scale on the quiz's map according to % correct below.
 
Answer Stats
Région Answer % Correct
Trunk Pectoralis major
83%
Upper arm Biceps brachii
81%
Trunk Rectus abdominis
79%
Neck/Shoulder Deltoid
71%
Lower limb Gluteus maximus
71%
Lower limb Quadriceps femoris
60%
Trunk Latissimus dorsi
58%
Trunk Abdominal external oblique
57%
Neck/Shoulder Trapezius
56%
Foot Abductor digiti minimi (pedis)
55%
Lower limb Gastrocnemius lateralis
33%
Lower limb Gastrocnemius medialis
33%
Upper arm Triceps brachii
30%
Lower limb Adductor magnus
28%
Neck/Shoulder Rhomboids
26%
Lower limb Sartorius
24%
Neck/Shoulder Teres major
24%
Lower limb Biceps femoris
22%
Upper arm Brachioradialis
22%
Neck/Shoulder Sternocleidomastoid
22%
Lower limb Tibialis anterior
19%
Face Masseter
17%
Face Frontalis
14%
Lower limb Semitendinosus
14%
Face Temporalis
14%
Neck/Shoulder Infraspinatus
13%
Lower limb Semimembranosus
13%
Lower limb Gracilis
12%
Lower limb Tensor fasciae latae
12%
Upper arm Extensor carpi radialis
11%
Upper arm Flexor carpi radialis
11%
Upper arm Flexor carpi ulnaris
11%
Upper arm Flexor digitorum
11%
Face Orbicularis oris
11%
Lower limb Psoas major
11%
Upper arm Extensor carpi ulnaris
10%
Upper arm Extensor digitorum communis (manus)
10%
Face Orbicularis oculi
10%
Upper arm Pronator teres
10%
Face Occipitalis
8%
Face Buccinator
7%
Lower limb Fibularis longus
7%
Lower limb Iliacus
7%
Lower limb Pectineus
7%
Face Zygomaticus
7%
Face Nasalis
6%
Hand Abductor pollicis brevis
5%
Upper arm Extensor digiti minimi (manus)
5%
Hand Flexor digiti minimi (manus)
5%
Face Mentalis
5%
Hand Abductor digiti minimi (manus)
4%
Upper arm Extensor pollicis longus
4%
Lower limb Flexor digitorum longus (pedis)
4%
Hand Lumbricales
4%
Neck/Shoulder Splenius
4%
Neck/Shoulder Sternohyoid
4%
Hand Adductor pollicis
3%
Hand Flexor pollicis brevis
3%
Hand Interossei
3%
Face Levator labii superioris
3%
Hand Opponens pollicis
3%
Lower limb Plantaris
3%
Foot Abductor hallucis
2%
Foot Flexor digitorum brevis (pedis)
1%
No matching quizzes found
Score Distribution
Percent of People with Each Score
Percentile by Number Answered
Your Score History
You have not taken this quiz